000 00398nam a2200145Ia 4500
005 20260328101446.0
008 260328s9999||||xx |||||||||||||| ||und||
100 _aSturm, James L.
245 0 _aStained glass from medieval times to the present :
_b Treasures to be seen in New York /
_cJames L. Sturm
250 _a5a ed.
260 _bDutton
300 _a152 p.
650 _aVIDRIO
942 _cBK
999 _c8478
_d8478